Представление документа в формате MARC21

Поле Инд. ПП Название Значение
Тип записи a
Библиографический уровень b
001 Контрольный номер RU/IS/BASE/145380529
005 Дата корректировки 20200601191428.5
084 a Индекс другой классификации/Индекс ББК 71.045.2в1
a Индекс другой классификации/Индекс ББК 71.053.2в1
100 10 a Автор Шапинская Е. Н.
245 00 a Заглавие Телевидение в контексте современной культуры. Вопросы теории
504 00 a Библиография Примеч. - Лит.: с. 81-82 (53 назв.)
520 a Аннотация Автор затрагивает следующие вопросы: Постмодернизм и видеокультура. Телевидение в контексте структурализма и семиотики. Теория телевидения Р. Вильямса.
650 a Основная рубрика культурология
653 00 a Ключевые слова "Телевидение. Технология и культурная форма"
a Ключевые слова видеокультура
a Ключевые слова индустриальное общество
a Ключевые слова информационное общество
a Ключевые слова массмедиа
a Ключевые слова массовая культура
a Ключевые слова медиакультура
a Ключевые слова постиндустриальное общество
a Ключевые слова постмодернизм
a Ключевые слова семиотический анализ
a Ключевые слова средства массовой информации (СМИ)
a Ключевые слова структурный анализ
a Ключевые слова телевидение
a Ключевые слова телекоммуникации
a Ключевые слова философско-эстетический анализ
773 00 t Заглавие источника Философские науки
d Дата издания источника 2000
g Прочая информация № 3. - С. 55 - 82
w Контрольный № источника RU/IS/BASE/141145662
901 t Тип документа b